| 000 | 01314nam a2200229Ia 4500 | ||
|---|---|---|---|
| 003 | Ost | ||
| 005 | 20260507075026.0 | ||
| 008 | 260507s9999||||xx |||||||||||||| ||und|| | ||
| 040 | _cfsecg | ||
| 041 | _aara | ||
| 082 | _a330 | ||
| 100 |
_aعبيدات، محمد ابراهيم _eمؤلف |
||
| 245 | 0 |
_aاستراتيجية التسويق : _bمدخل سلوكي / _c محمد ابراهيم عبيدات |
|
| 250 | _aطبعة 3 (منقحة ومزيدة) | ||
| 260 |
_aعمان: _bدار وائل للنشر والتوزيع, _c2002 |
||
| 300 |
_a336 صفحة؛ _bإيضاحات ؛ _c24 سم |
||
| 520 | _aمقدمة في التسويق الإستراتيجي- التحليل الموقفي الإستراتيجي- تخطيط وحدات العمل وأدوات التحليل الإستراتيجي- التحليل المالي- استراتيجية السوق المستهدفة- استراتيجية برنامج الإحلال التسويقي- استراتيجية السلعة- استراتيجية السعر- استراتيجية التوزيع- استراتيجية الترويج- خطة التسويق الإستراتيجية- الحالات الدراسية العلمية | ||
| 653 | _aالاستراتيجية | ||
| 653 | _aالتخطيط | ||
| 653 | _aالتسويق | ||
| 942 | _cكتاب | ||
| 999 |
_c42335 _d42335 |
||